Black Panther Soundtrack - Statistics

General Stats
  • This quiz has been taken 7 times
  • The average score is 10 of 13
Answer Stats
Artist Song Title % Correct
Kendrick Lamar, SZA All The Stars
100%
The Weeknd, Kendrick Lamar Pray For Me
100%
Kendrick Lamar, Travis Scott Big Shot
80%
Kendrick Lamar Black Panther
80%
Jay Rock, Kendrick Lamar, Future, James Blake King's Dead
80%
Zacari, Babes Wodumo Redemption
80%
Khalid, Swae Lee The Ways
80%
ScHoolboy Q, 2 Chainz, Saudi X
80%
Ab-Soul, Anderson .Paak, James Blake Bloody Waters
60%
Jorja Smith I Am
60%
Vince Staples, Yugen Blakrok Opps
60%
SOB X RBE Paramedic!
60%
Mozzy, Sjava, Reason Seasons
60%
No matching quizzes found
Score Distribution
Percent of People with Each Score
Percentile by Number Answered
Your Score History
You have not taken this quiz